The British in India: (Record no. 22081)

MARC details
000 -LEADER
fixed length control field 00793cam a2200277 4500
001 - CONTROL NUMBER
control field 3144840
003 - CONTROL NUMBER IDENTIFIER
control field BDDh-ASL
005 - DATE AND TIME OF LATEST TRANSACTION
control field 20231015030101.0
008 - FIXED-LENGTH DATA ELEMENTS--GENERAL INFORMATION
fixed length control field 730504s1972 enkac 000 0 eng
010 ## - LIBRARY OF CONGRESS CONTROL NUMBER
LC control number 73155356
015 ## - NATIONAL BIBLIOGRAPHY NUMBER
National bibliography number B72-31559
020 ## - INTERNATIONAL STANDARD BOOK NUMBER
International Standard Book Number 0902907190
040 ## - CATALOGING SOURCE
Original cataloging agency DLC
Transcribing agency DLC
Modifying agency DLC
-- BDDh-ASL
043 ## - GEOGRAPHIC AREA CODE
Geographic area code a-ii---
-- e-uk---
050 00 - LIBRARY OF CONGRESS CALL NUMBER
Classification number DS428
Item number .B72
082 00 - DEWEY DECIMAL CLASSIFICATION NUMBER
Classification number 954.03
Item number BRI
110 2# - MAIN ENTRY--CORPORATE NAME
Corporate name or jurisdiction name as entry element British in India Museum.
245 14 - TITLE STATEMENT
Title The British in India:
Remainder of title a miscellany of articles and photographs/
260 ## - PUBLICATION, DISTRIBUTION, ETC.
Place of publication, distribution, etc. [Colne]
Name of publisher, distributor, etc. [British in India Museum]
Date of publication, distribution, etc. [1972]
-- 1967.
300 ## - PHYSICAL DESCRIPTION
Extent 38 p. :
Other physical details illus., ports.
Dimensions 23 cm.
350 ## - PRICE (NR) (BK AM CF MU VM SE) [OBSOLETE]
Price £0.20
500 ## - GENERAL NOTE
General note Cover title.
650 #0 - SUBJECT ADDED ENTRY--TOPICAL TERM
Topical term or geographic name entry element British
Geographic subdivision India.
906 ## - LOCAL DATA ELEMENT F, LDF (RLIN)
a 7
b cbc
c orignew
d 3
e ncip
f 19
g y-gencatlg
942 ## - ADDED ENTRY ELEMENTS (KOHA)
Source of classification or shelving scheme Dewey Decimal Classification
Koha item type Books
Holdings
Withdrawn status Lost status Source of classification or shelving scheme Damaged status Not for loan Collection code Home library Current library Shelving location Date acquired Source of acquisition Total Checkouts Full call number Barcode Date last seen Copy number Price effective from Koha item type Public note
    Dewey Decimal Classification     Non-fiction Asiatic Society Library Asiatic Society Library General Stacks 02/21/2021 Complementary   954.03 BRI 106202 02/21/2021 C-1 02/21/2021 Books RARE

Powered by Koha